Statistiques concernant Les cinq grands lacs en 15 seconds

Cliquez ici pour prendre le quiz!

Statistiques générales

  • Ce quiz a été pris 101 fois
  • Le résultat moyen est 4 sur 5

Statistiques - réponses

Réponse% Correct
Supérieur
82%
Érié
81%
Michigan
69%
Ontario
65%
Huron
61%

Distribution des résultats

Percentile par nombre de réponses

% des personnes avec chaque résultat

Votre développement - résultats

Vous n’avez pas pris ce quiz